Extranjeros integrados (Record no. 104505)

MARC details
000 -LEADER
campo de control de longitud fija 01451nam a2200409 i 4500
001 - NÚMERO DE CONTROL
campo de control MOR01000104832
003 - IDENTIFICADOR DE NÚMERO DE CONTROL
campo de control $$amxdfmo
005 - FECHA Y HORA DE LA ÚLTIMA TRANSACCIÓN
campo de control 20260331230809.0
008 - DATOS DE LONGITUD FIJA--INFORMACIÓN GENERAL
campo de control de longitud fija 170620s2016 sp d g bi 000 0 spa d
020 ## - NÚMERO INTERNACIONAL ESTÁNDAR DEL LIBRO
Número Internacional Estándar del Libro 9788400101305
035 ## - NÚMERO DE CONTROL DEL SISTEMA
Número de control de sistema 170893
040 ## - FUENTE DE CATALOGACIÓN
Centro catalogador/agencia de origen mxcmmo
Lengua de catalogación eng
Centro/agencia transcriptor mxcmmo
Normas de descripción rda
041 0# - CÓDIGO DE IDIOMA
Código de lengua del texto/banda sonora o título independiente spa
043 ## - CÓDIGO DE ÁREA GEOGRÁFICA
Código de área geográfica s-pe---
045 ## - PERIODO DE TIEMPO DEL CONTENIDO
Código de periodo de tiempo t7u8
082 04 - NÚMERO DE LA CLASIFICACIÓN DECIMAL DEWEY
Número de clasificación 305.8691085
Número de ítem SUL.e
100 1# - ENTRADA PRINCIPAL--NOMBRE DE PERSONA
Nombre de persona Sullón Barreto, Gleydi
Término indicativo de función/relación autor
9 (RLIN) 186862
245 10 - MENCIÓN DEL TÍTULO
Título Extranjeros integrados
Resto del título : portugueses en la Lima virreinal, 1570-1680/
Mención de responsabilidad, etc. Gleydi Sullón Barreto
264 #1 - PRODUCCIÓN, PUBLICACIÓN, DISTRIBUCIÓN, FABRICACIÓN Y COPYRIGHT
Producción, publicación, distribución, fabricación y copyright Madrid:
Nombre del de productor, editor, distribuidor, fabricante Consejo Superior de Investigaciones Científicas,
Fecha de producción, publicación, distribución, fabricación o copyright 2016
300 ## - DESCRIPCIÓN FÍSICA
Extensión 303 páginas:
Otras características físicas diagramas;
Dimensiones 24 cm
336 ## - TIPO DE CONTENIDO
Término de tipo de contenido texto
Código de tipo de contenido txt
Fuente rdacontent
337 ## - TIPO DE MEDIO
Nombre/término del tipo de medio sin medio
Código del tipo de medio n
Fuente rdamedia
338 ## - TIPO DE SOPORTE
Nombre/término del tipo de soporte volumen
Código del tipo de soporte nc
Fuente rdacarrier
490 0# - MENCIÓN DE SERIE
Mención de serie Estudios americanos. Tierra nueva (CSIC)
Designación de volumen o secuencia 2
504 ## - NOTA DE BIBLIOGRAFÍA, ETC.
Nota de bibliografía, etc. Nota Incluye referencias bibliográficas 291-303
650 #7 - PUNTO DE ACCESO ADICIONAL DE MATERIA--TÉRMINO DE MATERIA
Término de materia o nombre geográfico como elemento de entrada Portugueses
Subdivisión geográfica Perú
-- Lima
Subdivisión general Historia
9 (RLIN) 186863
651 #7 - PUNTO DE ACCESO ADICIONAL DE MATERIA--NOMBRE GEOGRÁFICO
Nombre geográfico Lima (Perú)
Subdivisión general Población extranjera
-- Historia
9 (RLIN) 186864
651 #7 - PUNTO DE ACCESO ADICIONAL DE MATERIA--NOMBRE GEOGRÁFICO
Nombre geográfico Lima (Perú)
Subdivisión general Vida social y costumbres
Subdivisión cronológica Hasta 1820
9 (RLIN) 186865
900 ## - ELEMENTOS DE DATOS A LOCAL, LDA (RLIN)
Nombre de persona CATY
Numeración 30
Títulos y otros términos asociados al nombre 20170830
Lenguaje de la obra MOR01
-- 1003
900 ## - ELEMENTOS DE DATOS A LOCAL, LDA (RLIN)
Nombre de persona KLASY
Numeración 30
Títulos y otros términos asociados al nombre 20170905
Lenguaje de la obra MOR01
-- 1443
900 ## - ELEMENTOS DE DATOS A LOCAL, LDA (RLIN)
Nombre de persona LUIS
Numeración 20
Títulos y otros términos asociados al nombre 20170620
Lenguaje de la obra MOR01
-- 1251
900 ## - ELEMENTOS DE DATOS A LOCAL, LDA (RLIN)
Nombre de persona LUIS
Numeración 20
Títulos y otros términos asociados al nombre 20170620
Lenguaje de la obra MOR01
-- 1251
900 ## - ELEMENTOS DE DATOS A LOCAL, LDA (RLIN)
Nombre de persona VOBO
Numeración 40
Títulos y otros términos asociados al nombre 20170906
Lenguaje de la obra MOR01
-- 1128
900 ## - ELEMENTOS DE DATOS A LOCAL, LDA (RLIN)
Nombre de persona VOBO
Numeración 40
Títulos y otros términos asociados al nombre 20230126
Lenguaje de la obra MOR01
-- 1307
904 ## - ELEMENTOS DE DATOS D LOCAL, LDD (RLIN)
a UPDATE
942 ## - ELEMENTOS DE ENTRADA SECUNDARIOS (KOHA)
Código de la institución [OBSOLETO] BK
901 ## - ELEMENTOS DE DATOS A LOCAL LDA (RLIN)
a batch batch
Holdings
Estatus retirado Estado de pérdida Fuente del sistema de clasificación o colocación Especificación de materiales (volumen encuadernado u otra parte) Estado de daño No para préstamo Colección Biblioteca de origen Biblioteca actual Ubicación en estantería Fecha de adquisición Número de inventario Total de préstamos Signatura topográfica completa Código de barras Visto por última vez Precio de reemplazo Tipo de ítem Koha
    Clasificación Decimal Dewey CANJE     Libros (General) Biblioteca Instituto Mora Biblioteca Instituto Mora Regular 30/08/2017 131832   (G)/305.8691085 SUL.e 33068000136083 03/09/2024 03/09/2024 Libro préstamo regular